[Event "ROM-ch U18 Girls"]
[Site "Mamaia"]
[Date "2021.04.12"]
[Round "8"]
[White "Patru, Alexandra Ioana"]
[Black "Nistor, Gabriela"]
[Result "1/2-1/2"]
[WhiteElo "1656"]
[BlackElo "1532"]
[PlyCount "97"]
[EventDate "2021.04.07"]
[EventType "swiss"]
[EventRounds "9"]
[EventCountry "ROU"]
[SourceTitle "EXT 2022"]
[Source "ChessBase"]
[SourceDate "2021.10.06"]
[SourceVersion "1"]
[SourceVersionDate "2021.10.06"]
[SourceQuality "1"]

1. d4 d5 2. Nf3 Nf6 3. Bf4 c5 4. e3 e6 5. c3 cxd4 6. exd4 a6 7. Nbd2 Nc6 8. Bd3 Bd6 9. Bg3 Qc7 10. 0-0 0-0 11. Qe2 h6 12. Bxd6 Qxd6 13. Ne5 Qe7 14. f4 Nd7 15. Ndf3 Ndxe5 16. fxe5 Bd7 17. Rae1 Rac8 18. Bb1 g6 19. g3 f5 20. exf6 Rxf6 21. Ne5 Nxe5 22. Qxe5 Rcf8 23. Rxf6 Qxf6 24. Qxf6 Rxf6 25. b3 b5 26. Rc1 Kf7 27. Bd3 g5 28. Kg2 Ke7 29. Ra1 Kd6 30. Re1 Ke7 31. Be2 Kd6 32. Bf3 Bc6 33. h3 Bd7 34. Re3 Rf5 35. Bg4 Rf6 36. Rf3 Rxf3 37. Kxf3 Be8 38. Ke3 Bg6 39. Be2 Be8 40. c4 dxc4 41. bxc4 bxc4 42. Bxc4 a5 43. h4 Bc6 44. hxg5 hxg5 45. Kd3 e5 46. dxe5+ Kxe5 47. Ke3 Bd7 48. a3 Bc6 49. Bd3 1/2-1/2

[Event "ROM-ch U18 Girls"]
[Site "Mamaia"]
[Date "2021.04.11"]
[Round "7"]
[White "Nistor, Gabriela"]
[Black "Lehaci, Miruna Daria"]
[Result "0-1"]
[WhiteElo "1532"]
[BlackElo "2188"]
[PlyCount "119"]
[EventDate "2021.04.07"]
[EventType "swiss"]
[EventRounds "9"]
[EventCountry "ROU"]
[SourceTitle "EXT 2022"]
[Source "ChessBase"]
[SourceDate "2021.10.06"]
[SourceVersion "1"]
[SourceVersionDate "2021.10.06"]
[SourceQuality "1"]

1. e4 e6 2. d4 d5 3. exd5 exd5 4. c3 Bd6 5. Bd3 Nf6 6. Nf3 0-0 7. 0-0 c5 8. Bg5 Nc6 9. Nbd2 Bg4 10. Qc2 h6 11. Bh4 c4 12. Bf5 Bxf5 13. Qxf5 Ne7 14. Bxf6 Nxf5 15. Bxd8 Rfxd8 16. Rfe1 b5 17. a3 a5 18. b4 Ne7 19. g3 Ra6 20. Kf1 Nc8 21. Rec1 Nb6 22. Ne1 Rda8 23. Nc2 Bf8 24. Ke2 Na4 25. Nb1 g5 26. h3 h5 27. f3 Bd6 28. Rg1 Bc7 29. Kf2 Nb2 30. Nd2 Nd3+ 31. Kg2 Re6 32. Kf1 axb4 33. cxb4 Kh7 34. Rg2 h4 35. gxh4 gxh4 36. Re2 Rxe2 37. Kxe2 Nf4+ 38. Kf1 Nxh3 39. Re1 Rg8 40. Re7 Rg1+ 41. Ke2 Bf4 42. Nf1 Rg2+ 43. Kd1 Nf2+ 44. Ke1 Nd3+ 45. Kd1 Nb2+ 46. Ke1 Rxc2 47. Rxf7+ Kg6 48. Rxf4 Nd3+ 49. Kd1 Rc1+ 50. Kd2 Rxf1 51. Rxh4 Rxf3 52. Rh2 Nf4 53. Rh8 Rxa3 54. Rb8 Kf5 55. Rxb5 Ke4 56. Rb8 Kxd4 57. b5 c3+ 58. Kc2 Ra2+ 59. Kb1 Rb2+ 60. Kc1 0-1

[Event "ROM-ch U18 Girls"]
[Site "Mamaia"]
[Date "2021.04.10"]
[Round "5"]
[White "Nistor, Gabriela"]
[Black "Lupascu, Diana Elena"]
[Result "1-0"]
[WhiteElo "1532"]
[BlackElo "1668"]
[PlyCount "101"]
[EventDate "2021.04.07"]
[EventType "swiss"]
[EventRounds "9"]
[EventCountry "ROU"]
[SourceTitle "EXT 2022"]
[Source "ChessBase"]
[SourceDate "2021.10.06"]
[SourceVersion "1"]
[SourceVersionDate "2021.10.06"]
[SourceQuality "1"]

1. e4 c5 2. Nf3 d6 3. d4 cxd4 4. Nxd4 Nf6 5. Nc3 g6 6. Be2 Bg7 7. Be3 0-0 8. f3 Nc6 9. Qd2 a6 10. g4 Be6 11. Nxe6 fxe6 12. h4 Ne5 13. g5 Nh5 14. f4 Ng3 15. Rh3 Nxe2 16. Qxe2 Nc6 17. h5 Qa5 18. Qc4 Rf7 19. hxg6 hxg6 20. 0-0-0 Nd8 21. Rdh1 Kf8 22. Bd4 Bxd4 23. Qxd4 Ke8 24. e5 Kd7 25. Rd1 Nc6 26. Qd2 d5 27. a3 Kc7 28. Qh2 Raf8 29. Ne2 b5 30. Nd4 Nxd4 31. Rxd4 Rxf4 32. Rc3+ Qxc3 33. bxc3 Rf1+ 34. Kb2 Re1 35. Qh7 Kd7 36. Qxg6 Rff1 37. c4 bxc4 38. Rg4 Rf8 39. Rg2 Re3 40. Rg1 Rb8+ 41. Kc1 c3 42. Qh5 Rb2 43. Qh2 Re4 44. Qf2 Ke8 45. Qc5 Rc4 46. Qf2 Re4 47. g6 Ra2 48. Kb1 Rb2+ 49. Ka1 Ra4 50. Qc5 Rb5 51. Qc8# 1-0

[Event "ROM-ch U18 Girls"]
[Site "Mamaia"]
[Date "2021.04.09"]
[Round "4"]
[White "Marin, Alexia Iuliana"]
[Black "Nistor, Gabriela"]
[Result "0-1"]
[WhiteElo "1307"]
[BlackElo "1532"]
[PlyCount "118"]
[EventDate "2021.04.07"]
[EventType "swiss"]
[EventRounds "9"]
[EventCountry "ROU"]
[SourceTitle "EXT 2022"]
[Source "ChessBase"]
[SourceDate "2021.10.06"]
[SourceVersion "1"]
[SourceVersionDate "2021.10.06"]
[SourceQuality "1"]

1. d4 d5 2. Nf3 Nf6 3. Bf4 e6 4. e3 c6 5. Bd3 b6 6. Nbd2 Bb7 7. c3 Bd6 8. Bg3 Qc7 9. Qe2 Nbd7 10. e4 dxe4 11. Bxe4 h6 12. Bc2 0-0-0 13. Bxd6 Qxd6 14. Ne5 Qe7 15. Ndc4 Nxe5 16. Nxe5 Nd7 17. 0-0 Nxe5 18. Qxe5 g5 19. b4 Ba6 20. Rfe1 Rhe8 21. a4 Qd6 22. Qxd6 Rxd6 23. b5 Bb7 24. bxc6 Rxc6 25. Ra3 Rd8 26. Re3 a6 27. Rf3 f5 28. Rh3 Rh8 29. Bb3 Rd6 30. Re3 Kd7 31. Ra1 f4 32. Re5 Rc8 33. Rc1 Ke7 34. g3 f3 35. Re3 b5 36. axb5 axb5 37. Rb1 g4 38. Ba2 Bd5 39. Bb3 Bxb3 40. Rxb3 Rxd4 41. Re1 Rd3 42. Rxb5 Rdxc3 43. Rb7+ Kf6 44. h4 Rc1 45. Rb1 Rxe1+ 46. Rxe1 Rc2 47. Re4 Rc1+ 48. Kh2 Kf5 49. Rf4+ Ke5 50. Rxg4 Rf1 51. Rf4 Rxf2+ 52. Kg1 Rg2+ 53. Kf1 Rxg3 54. Rb4 Rh3 55. Kf2 Kf5 56. Ke3 e5 57. Rc4 Rg3 58. Re4 Rg4 59. Rxg4 Kxg4 0-1

[Event "ROM-ch U18 Girls"]
[Site "Mamaia"]
[Date "2021.04.09"]
[Round "3"]
[White "Nistor, Gabriela"]
[Black "Covrig, Larisa Raluca"]
[Result "0-1"]
[WhiteElo "1532"]
[BlackElo "1692"]
[PlyCount "78"]
[EventDate "2021.04.07"]
[EventType "swiss"]
[EventRounds "9"]
[EventCountry "ROU"]
[SourceTitle "EXT 2022"]
[Source "ChessBase"]
[SourceDate "2021.10.06"]
[SourceVersion "1"]
[SourceVersionDate "2021.10.06"]
[SourceQuality "1"]

1. e4 c5 2. Nf3 d6 3. d4 cxd4 4. Nxd4 Nf6 5. Nc3 Nc6 6. Nb3 e6 7. Be2 Be7 8. Be3 a6 9. Qd2 b5 10. a3 Bb7 11. f4 Nb8 12. Bf3 Qc7 13. Rd1 Nbd7 14. Qf2 Rc8 15. Rd2 Nc5 16. Nxc5 dxc5 17. e5 b4 18. axb4 cxb4 19. Na4 Ne4 20. Bxe4 Bxe4 21. Nb6 Rd8 22. Rxd8+ Qxd8 23. 0-0 0-0 24. Qe2 Qc7 25. Rc1 Rb8 26. Qf2 h6 27. c4 bxc3 28. Rxc3 Qb7 29. Bd4 Rd8 30. Nc4 Qb4 31. b3 Rxd4 32. Qxd4 Bc5 33. Qxc5 Qxc5+ 34. Kf1 Bd5 35. g3 a5 36. Rc2 a4 37. Rd2 Bxc4+ 38. bxc4 Qxc4+ 39. Kf2 a3 0-1

[Event "ROM-ch U16 Girls"]
[Site "Calimanesti Caciulata"]
[Date "2019.04.22"]
[Round "9"]
[White "Ciolacu, Alessia Mihaela"]
[Black "Nistor, Gabriela"]
[Result "1-0"]
[WhiteElo "2195"]
[BlackElo "1534"]
[PlyCount "85"]
[EventDate "2019.04.15"]
[EventType "swiss"]
[EventRounds "9"]
[EventCountry "ROU"]
[SourceTitle "CBM 190 Extra"]
[Source "ChessBase"]
[SourceDate "2019.07.15"]
[SourceVersion "1"]
[SourceVersionDate "2019.07.15"]
[SourceQuality "1"]

1. d4 d5 2. c4 c6 3. cxd5 cxd5 4. Bg5 Nd7 5. Nc3 Ngf6 6. e3 e6 7. Bd3 Be7 8. Nf3 a6 9. 0-0 0-0 10. Ne5 Nxe5 11. dxe5 Ne4 12. Bxe7 Qxe7 13. Nxe4 dxe4 14. Bxe4 Qc5 15. Qd4 Qb5 16. Rfd1 h6 17. Rac1 Qa5 18. a3 Qb5 19. Rc5 Qb3 20. Bc2 Qb6 21. Rxc8 Qxd4 22. Rxf8+ Kxf8 23. exd4 Rc8 24. Bb3 Ke7 25. Kf1 b5 26. Ke2 a5 27. Ke3 f6 28. f4 a4 29. Ba2 Rc2 30. Rd2 Rc1 31. Kd3 g5 32. exf6+ Kxf6 33. fxg5+ hxg5 34. Rf2+ Ke7 35. Re2 Rd1+ 36. Kc3 Rc1+ 37. Kb4 Kd7 38. Bxe6+ Kc6 39. d5+ Kb6 40. d6 Rd1 41. d7 Rd4+ 42. Kc3 Rd6 43. Rd2 1-0

[Event "ROM-ch U16 Girls"]
[Site "Calimanesti Caciulata"]
[Date "2019.04.15"]
[Round "1"]
[White "Nistor, Gabriela"]
[Black "Radulescu, Monica Georgiana"]
[Result "1-0"]
[WhiteElo "1534"]
[BlackElo "1260"]
[PlyCount "105"]
[EventDate "2019.04.15"]
[EventType "swiss"]
[EventRounds "9"]
[EventCountry "ROU"]
[SourceTitle "CBM 190 Extra"]
[Source "ChessBase"]
[SourceDate "2019.07.15"]
[SourceVersion "1"]
[SourceVersionDate "2019.07.15"]
[SourceQuality "1"]

1. e4 e5 2. Nf3 Nc6 3. Bc4 Nf6 4. Ng5 d5 5. exd5 Na5 6. d3 h6 7. Nf3 Bg4 8. Qd2 Bxf3 9. gxf3 b6 10. Bb5+ Nd7 11. Qe2 f6 12. f4 Bd6 13. fxe5 Bxe5 14. d4 0-0 15. Bxd7 Qxd7 16. dxe5 Qxd5 17. Rg1 Rfe8 18. Nc3 Qc6 19. Be3 Nc4 20. 0-0-0 Nxe3 21. Qxe3 Kh8 22. Qg3 Rg8 23. exf6 Qxf6 24. Qxc7 Qxf2 25. Qg3 Qf7 26. Qg4 Rad8 27. Qh4 Rxd1+ 28. Rxd1 Re8 29. Qd4 Re7 30. Rg1 Rd7 31. Qe3 Re7 32. Qg3 Qc4 33. Qb8+ Kh7 34. Qf8 Qc5 35. Qf1 Qe3+ 36. Kb1 Qe5 37. Qd3+ Kh8 38. Rf1 Re8 39. Qg3 Qe6 40. a3 a6 41. Qd3 b5 42. Qd5 Qe7 43. Rf7 Qh4 44. Qc6 Re1+ 45. Ka2 Qg4 46. Rc7 Qf4 47. Qd7 Rg1 48. Rc8+ Kh7 49. Ne2 Qxh2 50. Nxg1 Qxg1 51. Qd3+ Qg6 52. Qxg6+ Kxg6 53. Rc6+ 1-0

[Event "ROM-chT U18 Girls"]
[Site "Iasi"]
[Date "2018.07.18"]
[Round "6.3"]
[White "Enachescu, Alexandra Maria"]
[Black "Nistor, Gabriela"]
[Result "0-1"]
[WhiteElo "1110"]
[BlackElo "1514"]
[PlyCount "120"]
[EventDate "2018.07.13"]
[EventType "team-tourn"]
[EventRounds "6"]
[EventCountry "ROU"]
[SourceTitle "EXT 2020"]
[Source "ChessBase"]
[SourceDate "2019.10.17"]
[SourceVersion "1"]
[SourceVersionDate "2019.10.17"]
[SourceQuality "1"]
[WhiteTeam "Iasi Politehnica"]
[BlackTeam "Ploiesti Petrolul"]
[WhiteTeamCountry "ROU"]
[BlackTeamCountry "ROU"]

1. e4 e5 2. Nf3 Nc6 3. Bc4 Be7 4. c3 Nf6 5. Qc2 0-0 6. 0-0 d6 7. h3 h6 8. a3 Nh7 9. Re1 Kh8 10. d4 Ng5 11. Nxg5 Bxg5 12. d5 Nb8 13. Be3 f5 14. Bxg5 Qxg5 15. Nd2 f4 16. Nf3 Qg6 17. Qe2 Bxh3 18. Qf1 Bc8 19. Nh2 Rf6 20. f3 Qh5 21. Qf2 Rg6 22. Bb5 Nd7 23. Ng4 Nf6 24. Nxf6 gxf6 25. Be8 Rxg2+ 26. Qxg2 Qxe8 27. Kf2 f5 28. Rg1 Qf7 29. Qg6 Qxg6 30. Rxg6 Kh7 31. Rag1 h5 32. Rg7+ Kh8 33. Rf7 fxe4 34. Rf8+ Kh7 35. fxe4 b6 36. Rf7+ Kh6 37. Rg8 Bb7 38. Rg1 h4 39. Kf3 Ba6 40. Rfg7 h3 41. R7g4 Kh5 42. Rg5+ Kh6 43. Rg6+ Kh7 44. Rg7+ Kh6 45. R1g6+ Kh5 46. Kf2 Bd3 47. Kf3 h2 48. Rg5+ Kh6 49. Kg4 Be2+ 50. Kf5 Rf8+ 51. Ke6 h1Q 52. R7g6+ Kh7 53. Ke7 Ra8 54. Rg7+ Kh8 55. Kf6 Qh4 56. Kf5 Rf8+ 57. Ke6 f3 58. Ke7 Ra8 59. Kf6 Qf4+ 60. Kg6 Qxg5+ 0-1

[Event "ROM-chT U18 Girls"]
[Site "Iasi"]
[Date "2018.07.16"]
[Round "4.3"]
[White "Nistor, Gabriela"]
[Black "Popa, Andrada"]
[Result "1/2-1/2"]
[WhiteElo "1514"]
[BlackElo "1605"]
[PlyCount "131"]
[EventDate "2018.07.13"]
[EventType "team-tourn"]
[EventRounds "6"]
[EventCountry "ROU"]
[SourceTitle "EXT 2019"]
[Source "ChessBase"]
[SourceDate "2018.10.10"]
[SourceVersion "1"]
[SourceVersionDate "2018.10.10"]
[SourceQuality "1"]
[WhiteTeam "Ploiesti Petrolul"]
[BlackTeam "Ploiesti Universitar"]
[WhiteTeamCountry "ROU"]
[BlackTeamCountry "ROU"]

1. e4 e5 2. Nf3 Nc6 3. d4 exd4 4. Nxd4 Nf6 5. Nc3 Bb4 6. Nxc6 bxc6 7. Bd3 d5 8. exd5 cxd5 9. 0-0 0-0 10. Bg5 h6 11. Bh4 c6 12. h3 Qd6 13. Qf3 Nd7 14. Qd1 Ne5 15. Be2 Bf5 16. Bg3 Qf6 17. Na4 Ng6 18. Bd3 Bd7 19. c3 Be7 20. Re1 Rfe8 21. Bc2 Nf4 22. Kh2 h5 23. Qd4 Qxd4 24. cxd4 Ne6 25. Bf5 g6 26. Bxe6 Bxe6 27. f3 h4 28. Bf2 Bd6+ 29. Kg1 g5 30. Rac1 Bd7 31. Nc5 Rxe1+ 32. Bxe1 Bxc5 33. Rxc5 a6 34. Bd2 f6 35. f4 g4 36. hxg4 Bxg4 37. Rxc6 f5 38. Rd6 Re8 39. Rxd5 Re2 40. Bc3 Re4 41. Re5 Rxf4 42. Re6 h3 43. gxh3 Bxh3 44. Rxa6 Re4 45. d5 f4 46. Rf6 Ra4 47. a3 Rc4 48. Kf2 Rc5 49. Rd6 Rc4 50. Rc6 Re4 51. Kf3 Ra4 52. Rf6 Rc4 53. Rxf4 Bg2+ 54. Ke3 Rxf4 55. Kxf4 Bxd5 56. Ke5 Bb3 57. Bd2 Kf7 58. Kd4 Ke7 59. Kc3 Ba4 60. Kb4 Bc2 61. a4 Kd7 62. a5 Kc6 63. Kc4 Ba4 64. b4 Bb5+ 65. Kd4 Ba6 66. Bg5 1/2-1/2

[Event "ROM-ch U16 Girls"]
[Site "Calimanesti"]
[Date "2018.04.03"]
[Round "9"]
[White "Nistor, Gabriela"]
[Black "Craiu, Elena Diana"]
[Result "1-0"]
[WhiteElo "1460"]
[BlackElo "1001"]
[PlyCount "67"]
[EventDate "2018.03.27"]
[EventType "swiss"]
[EventRounds "9"]
[EventCountry "ROU"]
[SourceTitle "CBM 183 Extra"]
[Source "ChessBase"]
[SourceDate "2018.04.19"]
[SourceVersion "1"]
[SourceVersionDate "2018.04.19"]
[SourceQuality "1"]

1. e4 e5 2. Nf3 Nc6 3. Bc4 d6 4. h3 g6 5. d3 Bg7 6. Ng5 Nf6 7. Nxf7 Qe7 8. Nxh8 Nd4 9. c3 Nc6 10. Nf7 Bd7 11. Ng5 0-0-0 12. b4 h6 13. Nf3 Nh5 14. Bb5 a6 15. Bxc6 Bxc6 16. a4 Rf8 17. c4 Bf6 18. b5 Bd7 19. Nc3 Bh4 20. Qc2 Ng3 21. fxg3 Bxg3+ 22. Kd1 g5 23. bxa6 bxa6 24. Rb1 Bc6 25. Qb2 h5 26. Bxg5 Qe6 27. Qb8+ Kd7 28. Qxf8 Qe8 29. Qxe8+ Kxe8 30. Rb8+ Kf7 31. Rf1 Bd7 32. Nxe5+ Ke6 33. Nxd7 Kxd7 34. Nd5 1-0

[Event "ROM-ch U16 Girls"]
[Site "Calimanesti"]
[Date "2018.03.31"]
[Round "6"]
[White "Bucur, Denisa Andreea"]
[Black "Nistor, Gabriela"]
[Result "1-0"]
[WhiteElo "2000"]
[BlackElo "1460"]
[PlyCount "85"]
[EventDate "2018.03.27"]
[EventType "swiss"]
[EventRounds "9"]
[EventCountry "ROU"]
[SourceTitle "CBM 183 Extra"]
[Source "ChessBase"]
[SourceDate "2018.04.19"]
[SourceVersion "1"]
[SourceVersionDate "2018.04.19"]
[SourceQuality "1"]

1. e4 e5 2. Nf3 Nc6 3. Bc4 Be7 4. d4 d6 5. dxe5 dxe5 6. Qxd8+ Bxd8 7. Nc3 f6 8. Be3 Bd7 9. 0-0-0 a6 10. Rd2 Bg4 11. h3 Bxf3 12. gxf3 Nge7 13. Be6 Ng6 14. Bd7+ Kf7 15. Bxc6 bxc6 16. Rd7+ Ne7 17. Na4 f5 18. Bg5 Re8 19. Rhd1 Kg6 20. Bxe7 Bxe7 21. Rxc7 Rad8 22. Rxd8 Bg5+ 23. Kb1 Rxd8 24. Rxc6+ Kf7 25. a3 Rd4 26. Nc5 Rd1+ 27. Ka2 fxe4 28. fxe4 Rh1 29. Nd7 Rxh3 30. Nxe5+ Ke8 31. Rxa6 h5 32. Re6+ Kf8 33. a4 Bf6 34. a5 Bxe5 35. Rxe5 Rh1 36. a6 Rd1 37. a7 Rd8 38. Rxh5 Ke7 39. Rb5 Ra8 40. Rb7+ Kf6 41. b4 g5 42. b5 Ke6 43. b6 1-0

[Event "ROM-ch U16 Girls"]
[Site "Calimanesti"]
[Date "2018.03.29"]
[Round "4"]
[White "Schiopu, Andreea Alexandra"]
[Black "Nistor, Gabriela"]
[Result "1/2-1/2"]
[WhiteElo "1718"]
[BlackElo "1460"]
[PlyCount "83"]
[EventDate "2018.03.27"]
[EventType "swiss"]
[EventRounds "9"]
[EventCountry "ROU"]
[SourceTitle "CBM 183 Extra"]
[Source "ChessBase"]
[SourceDate "2018.04.19"]
[SourceVersion "1"]
[SourceVersionDate "2018.04.19"]
[SourceQuality "1"]

1. Nf3 d5 2. d4 Nf6 3. g3 e6 4. c4 Be7 5. Bg2 0-0 6. 0-0 b6 7. Ne5 Bb7 8. Qa4 c5 9. dxc5 Bxc5 10. Rd1 Qc7 11. Bf4 Bd6 12. Nd3 Bxf4 13. Nxf4 dxc4 14. Bxb7 Qxb7 15. Qxc4 Nbd7 16. Nc3 Rac8 17. Qb4 Nc5 18. Nb5 Qb8 19. Rac1 Rfd8 20. Rxd8+ Rxd8 21. f3 Nd5 22. Nxd5 Rxd5 23. Qc3 a6 24. Nd4 Qe5 25. b4 Rxd4 26. bxc5 Qxc5 27. Qxc5 bxc5 28. Rxc5 g6 29. Kf2 Ra4 30. Rc2 Ra3 31. Ke1 Kg7 32. Kd2 Kf6 33. Kc1 h5 34. Kb2 Re3 35. a4 a5 36. Kb1 Ra3 37. Rc4 Re3 38. Rc2 Ra3 39. Rc4 Re3 40. Rc2 Ra3 41. Rc4 Re3 42. Rc2 1/2-1/2

[Event "ROM-ch U14 Girls"]
[Site "Baile Felix"]
[Date "2017.02.09"]
[Round "9"]
[White "Nistor, Gabriela"]
[Black "Marin, Alexia Iuliana"]
[Result "1-0"]
[WhiteElo "1464"]
[BlackElo "1369"]
[PlyCount "111"]
[EventDate "2017.02.02"]
[EventType "swiss"]
[EventRounds "9"]
[EventCountry "ROU"]
[SourceTitle "CBM 176 Extra"]
[Source "ChessBase"]
[SourceDate "2017.03.02"]
[SourceVersion "1"]
[SourceVersionDate "2017.03.02"]
[SourceQuality "1"]

1. e4 e5 2. Nf3 Nc6 3. Nc3 Nf6 4. d3 h6 5. a3 Bc5 6. Be2 0-0 7. h3 a6 8. 0-0 d6 9. Nh2 Nh7 10. Bg4 f5 11. exf5 Bxf5 12. Ne4 Ba7 13. Bxf5 Rxf5 14. Qg4 Rf7 15. Bxh6 Nf6 16. Nxf6+ Qxf6 17. Be3 Bxe3 18. fxe3 Qe7 19. Rxf7 Qxf7 20. Qf3 Rf8 21. Rf1 Qxf3 22. Rxf3 Rxf3 23. Nxf3 Kf7 24. Kf2 Kf6 25. Kg3 Ne7 26. Kg4 Nf5 27. e4 Ne3+ 28. Kg3 Nxc2 29. Kf2 Nd4 30. Nxd4 exd4 31. h4 Ke5 32. Kf3 d5 33. exd5 Kxd5 34. g4 Ke5 35. h5 b5 36. b4 c6 37. g5 Kf5 38. h6 gxh6 39. gxh6 Kg6 40. h7 Kxh7 41. Ke4 Kg6 42. Kxd4 Kf6 43. Kc5 Ke5 44. d4+ Ke4 45. Kxc6 Kxd4 46. Kb6 Kd5 47. Kxa6 Kc6 48. Ka5 Kb7 49. Kxb5 Ka7 50. Kc6 Ka6 51. b5+ Ka7 52. Kc7 Ka8 53. a4 Ka7 54. b6+ Ka8 55. b7+ Ka7 56. b8Q+ 1-0

[Event "ROM-ch U14 Girls"]
[Site "Baile Felix"]
[Date "2017.02.04"]
[Round "3"]
[White "Nistor, Gabriela"]
[Black "Dumitru, Silvia Alexandra"]
[Result "1-0"]
[WhiteElo "1464"]
[BlackElo "1319"]
[PlyCount "137"]
[EventDate "2017.02.02"]
[EventType "swiss"]
[EventRounds "9"]
[EventCountry "ROU"]
[SourceTitle "CBM 176 Extra"]
[Source "ChessBase"]
[SourceDate "2017.03.02"]
[SourceVersion "1"]
[SourceVersionDate "2017.03.02"]
[SourceQuality "1"]

1. e4 e5 2. Nf3 Nc6 3. d4 exd4 4. Nxd4 Bc5 5. Nxc6 bxc6 6. Bd3 Nf6 7. Bg5 d6 8. h3 Be6 9. Qf3 Bd7 10. c3 Qe7 11. Bxf6 Qxf6 12. Qxf6 gxf6 13. Nd2 Rg8 14. g3 Rb8 15. b3 d5 16. Nf3 Kd8 17. Kf1 Re8 18. Re1 dxe4 19. Rxe4 Rxe4 20. Bxe4 Ke7 21. Kg2 f5 22. Bd3 Rg8 23. Ne5 f4 24. Nxd7 Kxd7 25. Bxh7 Rg7 26. Bf5+ Kd6 27. Rd1+ Ke5 28. Bd7 fxg3 29. fxg3 Bd6 30. Bxc6 Ke6 31. Re1+ Be5 32. Re3 Kd6 33. Be4 Bf4 34. Rf3 Be5 35. g4 Ke6 36. c4 Bd6 37. Bd5+ Ke7 38. Rf5 Bc5 39. Bxf7 Rxf7 40. Rxc5 Kd6 41. Ra5 c5 42. Ra6+ Ke5 43. Rc6 Kd4 44. Rd6+ Kc3 45. Re6 Kd4 46. g5 Rg7 47. h4 Kc3 48. Kg3 Kb4 49. Kg4 Ka3 50. Re2 a5 51. h5 a4 52. Re3 axb3 53. axb3 Kb4 54. g6 Rg8 55. Kg5 Ka3 56. h6 Kb4 57. h7 Rh8 58. g7 Rxh7 59. g8Q Rb7 60. Qa8 Rg7+ 61. Kf6 Ra7 62. Qd5 Ra6+ 63. Kf5 Rd6 64. Qxd6 Ka3 65. Qxc5+ Kb2 66. b4 Kc2 67. Qd4 Kc1 68. Qc3+ Kd1 69. Re1# 1-0

[Event "ROM-ch U14 Girls"]
[Site "Calimanesti Caciulata"]
[Date "2016.04.24"]
[Round "8"]
[White "Nistor, Gabriela"]
[Black "Libik, Krisztina Szilvia"]
[Result "1/2-1/2"]
[WhiteElo "1435"]
[BlackElo "1316"]
[PlyCount "90"]
[EventDate "2016.04.18"]
[EventType "swiss"]
[EventRounds "9"]
[EventCountry "ROU"]
[SourceTitle "CBM 172 Extra"]
[Source "ChessBase"]
[SourceDate "2016.06.21"]
[SourceVersion "1"]
[SourceVersionDate "2016.06.21"]
[SourceQuality "1"]

1. e4 c5 2. Nc3 e6 3. d3 Nc6 4. g3 Nf6 5. f4 d6 6. Bg2 Be7 7. Nf3 a6 8. 0-0 0-0 9. Re1 d5 10. Qe2 d4 11. Nb1 Qc7 12. a3 b5 13. h3 Nh5 14. Kh2 g6 15. e5 Bb7 16. Nbd2 Ng7 17. Ne4 Na7 18. Qf2 Bxe4 19. Rxe4 f6 20. exf6 Bxf6 21. Qe1 Rad8 22. Bd2 Qb8 23. Rd1 Nc6 24. Qe2 Qd6 25. Bc1 Rde8 26. Re1 Qc7 27. Nd2 Na7 28. Nb3 Nc8 29. Qf2 Nd6 30. R4e2 Ndf5 31. Re4 a5 32. Bf1 a4 33. Nd2 Ne3 34. Nf3 Nxf1+ 35. Rxf1 Rf7 36. Rfe1 Rd7 37. Rd1 Nf5 38. Rde1 Rde7 39. Ne5 Bxe5 40. Rxe5 Qc6 41. Qe2 b4 42. axb4 cxb4 43. Ra5 Rc8 44. Bd2 Rb8 45. Qe5 Ree8 1/2-1/2

[Event "ROM-ch U14 Girls"]
[Site "Calimanesti Caciulata"]
[Date "2016.04.21"]
[Round "4"]
[White "Nistor, Gabriela"]
[Black "Mincu, Smaranda Stanca Ioa"]
[Result "1/2-1/2"]
[WhiteElo "1435"]
[BlackElo "1711"]
[PlyCount "39"]
[EventDate "2016.04.18"]
[EventType "swiss"]
[EventRounds "9"]
[EventCountry "ROU"]
[SourceTitle "CBM 172 Extra"]
[Source "ChessBase"]
[SourceDate "2016.06.21"]
[SourceVersion "1"]
[SourceVersionDate "2016.06.21"]
[SourceQuality "1"]

1. e4 c5 2. Nc3 Nc6 3. d3 g6 4. f4 e6 5. Nf3 Bg7 6. g3 Nge7 7. Bg2 f5 8. e5 d6 9. exd6 Qxd6 10. Qe2 Nd4 11. Nxd4 cxd4 12. Nd1 Rb8 13. b3 Bd7 14. Bb2 Bc6 15. 0-0 Kf7 16. Re1 Rhe8 17. a4 Qd7 18. Bc1 Nc8 19. Bb2 a5 20. Qf2 1/2-1/2

[Event "ROM-ch U14 Girls"]
[Site "Calimanesti Caciulata"]
[Date "2016.04.18"]
[Round "1"]
[White "Cristescu, Andreea Ioana"]
[Black "Nistor, Gabriela"]
[Result "0-1"]
[WhiteElo "1049"]
[BlackElo "1435"]
[PlyCount "94"]
[EventDate "2016.04.18"]
[EventType "swiss"]
[EventRounds "9"]
[EventCountry "ROU"]
[SourceTitle "CBM 172 Extra"]
[Source "ChessBase"]
[SourceDate "2016.06.21"]
[SourceVersion "1"]
[SourceVersionDate "2016.06.21"]
[SourceQuality "1"]

1. e4 e5 2. Nf3 Nc6 3. Nc3 Nf6 4. Bb5 d6 5. d3 Bg4 6. h3 Bh5 7. Bxc6+ bxc6 8. Bg5 Be7 9. 0-0 0-0 10. Qe2 Nd7 11. Bxe7 Qxe7 12. Qe3 Qe6 13. Qe2 f5 14. Rfe1 fxe4 15. dxe4 Bxf3 16. gxf3 Qxh3 17. Qf1 Qxf1+ 18. Rxf1 Rxf3 19. Kg2 Raf8 20. Rad1 R8f6 21. a3 Nb6 22. a4 R3f4 23. f3 Nc4 24. Rde1 Nd2 25. Rf2 Nxf3 26. Ree2 Nh4+ 27. Kf1 Rxf2+ 28. Rxf2 Rxf2+ 29. Kxf2 Kf7 30. Kg3 Ng6 31. Kf3 h5 32. Kg3 Ke6 33. Kh3 a6 34. Ne2 d5 35. exd5+ cxd5 36. Ng3 Nf4+ 37. Kh4 e4 38. Nf1 d4 39. Kg3 Ke5 40. a5 e3 41. Nh2 e2 42. Kf2 Ke4 43. b4 c6 44. Nf3 d3 45. cxd3+ Kxd3 46. Ke1 Ke3 47. Nh4 Nd3# 0-1

[Event "ROM-ch U12 Girls"]
[Site "Calimanesti"]
[Date "2015.04.05"]
[Round "8"]
[White "Muntianu, Alexandra Teodora"]
[Black "Nistor, Gabriela"]
[Result "1/2-1/2"]
[WhiteElo "1409"]
[BlackElo "1342"]
[PlyCount "56"]
[EventDate "2015.03.30"]
[EventType "swiss"]
[EventRounds "9"]
[EventCountry "ROU"]
[SourceTitle "CBM 165 Extra"]
[Source "ChessBase"]
[SourceDate "2015.04.21"]
[SourceVersion "1"]
[SourceVersionDate "2015.04.21"]
[SourceQuality "1"]

1. d4 d5 2. c4 e6 3. Nf3 Nf6 4. Nc3 Nc6 5. e3 Be7 6. Bd3 0-0 7. 0-0 h6 8. h3 a5 9. Qc2 Re8 10. Bd2 Bf8 11. Rfe1 e5 12. dxe5 Nxe5 13. Nxe5 Rxe5 14. Rac1 dxc4 15. Bxc4 Be6 16. Bxe6 Rxe6 17. Red1 c6 18. Be1 Rd6 19. a3 Qc7 20. Qb3 Rxd1 21. Rxd1 Bd6 22. Kh1 Rd8 23. Rc1 Qe7 24. Ne2 Ra8 25. Nd4 Qe5 26. Nf3 Qe7 27. Nd4 Qe5 28. Nf3 Qe7 1/2-1/2

[Event "ROM-ch U12 Girls"]
[Site "Calimanesti"]
[Date "2015.04.03"]
[Round "6"]
[White "Nistor, Gabriela"]
[Black "Anghel, Maria"]
[Result "1-0"]
[WhiteElo "1342"]
[BlackElo "1488"]
[PlyCount "45"]
[EventDate "2015.03.30"]
[EventType "swiss"]
[EventRounds "9"]
[EventCountry "ROU"]
[SourceTitle "CBM 165 Extra"]
[Source "ChessBase"]
[SourceDate "2015.04.21"]
[SourceVersion "1"]
[SourceVersionDate "2015.04.21"]
[SourceQuality "1"]

1. e4 c5 2. Nc3 a6 3. Nf3 Nc6 4. d4 cxd4 5. Nxd4 g6 6. Be3 Bg7 7. Nd5 Nf6 8. Nxc6 dxc6 9. Bb6 Qd6 10. Nc7+ Kf8 11. Qxd6 exd6 12. Nxa8 Nxe4 13. c3 Bf5 14. Rd1 Ke7 15. Nc7 Rc8 16. Bd3 d5 17. f3 Nf6 18. Bxf5 gxf5 19. 0-0 Kd6 20. Rfe1 Bf8 21. Bd4 Be7 22. Bxf6 Bxf6 23. Ne8+ 1-0